<?xml version="1.0" encoding="UTF-8"?>
<record
    xmlns:xsi="http://www.w3.org/2001/XMLSchema-instance"
    xsi:schemaLocation="http://www.loc.gov/MARC21/slim http://www.loc.gov/standards/marcxml/schema/MARC21slim.xsd"
    xmlns="http://www.loc.gov/MARC21/slim">

  <leader>01973nam a2200265   4500</leader>
  <controlfield tag="003">NALT</controlfield>
  <controlfield tag="005">20260115091832.0</controlfield>
  <controlfield tag="008">260112b        th ||||| |||| 00| 0 tha d</controlfield>
  <datafield tag="040" ind1=" " ind2=" ">
    <subfield code="a">NALT</subfield>
  </datafield>
  <datafield tag="050" ind1=" " ind2=" ">
    <subfield code="a">BQ 4570.W6</subfield>
    <subfield code="b">&#xE2A;167 2564</subfield>
  </datafield>
  <datafield tag="245" ind1="0" ind2="0">
    <subfield code="a">&#xE2A;&#xE15;&#xE23;&#xE35;&#xE43;&#xE19;&#xE1E;&#xE38;&#xE17;&#xE18;&#xE01;&#xE32;&#xE25; : &#xE15;&#xE49;&#xE19;&#xE18;&#xE32;&#xE23;&#xE41;&#xE2B;&#xE48;&#xE07;&#xE04;&#xE27;&#xE32;&#xE21;&#xE2A;&#xE38;&#xE02; / </subfield>
    <subfield code="c">&#xE1E;&#xE23;&#xE30;&#xE21;&#xE2B;&#xE32;&#xE19;&#xE34;&#xE27;&#xE31;&#xE15;&#xE23; &#xE01;&#xE31;&#xE25;&#xE22;&#xE32;&#xE13;&#xE27;&#xE31;&#xE11;&#xE12;&#xE42;&#xE19;...[&#xE41;&#xE25;&#xE30;&#xE04;&#xE19;&#xE2D;&#xE37;&#xE48;&#xE19;&#xE46;], &#xE1A;&#xE23;&#xE23;&#xE13;&#xE32;&#xE18;&#xE34;&#xE01;&#xE32;&#xE23;.</subfield>
  </datafield>
  <datafield tag="246" ind1="1" ind2="8">
    <subfield code="a">&#xE2A;&#xE15;&#xE23;&#xE35;&#xE43;&#xE19;&#xE1E;&#xE38;&#xE17;&#xE18;&#xE01;&#xE32;&#xE25; &#xE15;&#xE49;&#xE19;&#xE18;&#xE32;&#xE23;&#xE41;&#xE2B;&#xE48;&#xE07;&#xE04;&#xE27;&#xE32;&#xE21;&#xE2A;&#xE38;&#xE02; &#xE2D;&#xE32;&#xE17;&#xE34;&#xE15;&#xE22;&#xE4C;&#xE22;&#xE32;&#xE21;&#xE40;&#xE0A;&#xE49;&#xE32; &#xE40;&#xE25;&#xE48;&#xE32;&#xE40;&#xE23;&#xE37;&#xE48;&#xE2D;&#xE07;&#xE2A;&#xE15;&#xE23;&#xE35;&#xE43;&#xE19;&#xE1E;&#xE38;&#xE17;&#xE18;&#xE01;&#xE32;&#xE25;.</subfield>
  </datafield>
  <datafield tag="250" ind1=" " ind2=" ">
    <subfield code="a">&#xE1E;&#xE34;&#xE21;&#xE1E;&#xE4C;&#xE04;&#xE23;&#xE31;&#xE49;&#xE07;&#xE41;&#xE23;&#xE01;.</subfield>
  </datafield>
  <datafield tag="260" ind1=" " ind2=" ">
    <subfield code="a">&#xE01;&#xE23;&#xE38;&#xE07;&#xE40;&#xE17;&#xE1E;&#xE2F; : </subfield>
    <subfield code="b">&#xE2D;&#xE31;&#xE01;&#xE29;&#xE23;&#xE2A;&#xE31;&#xE21;&#xE1E;&#xE31;&#xE19;&#xE18;&#xE4C; (1987),</subfield>
    <subfield code="c">2564.</subfield>
  </datafield>
  <datafield tag="300" ind1=" " ind2=" ">
    <subfield code="a">454 &#xE2B;&#xE19;&#xE49;&#xE32; :</subfield>
    <subfield code="b">&#xE20;&#xE32;&#xE1E;&#xE1B;&#xE23;&#xE30;&#xE01;&#xE2D;&#xE1A; ;</subfield>
    <subfield code="c">29 &#xE0B;&#xE21;.</subfield>
  </datafield>
  <datafield tag="505" ind1=" " ind2=" ">
    <subfield code="a">&#xE28;&#xE34;&#xE25;&#xE1B;&#xE34;&#xE19; : &#xE2A;&#xE21;&#xE20;&#xE1E; &#xE1A;&#xE38;&#xE15;&#xE23;&#xE32;&#xE0A;, &#xE2A;&#xE38;&#xE27;&#xE31;&#xE12;&#xE19;&#xE4C; &#xE27;&#xE23;&#xE23;&#xE13;&#xE21;&#xE13;&#xE35;, &#xE0A;&#xE31;&#xE27;&#xE32;&#xE25; &#xE23;&#xE2D;&#xE14;&#xE04;&#xE25;&#xE2D;&#xE07;&#xE15;&#xE31;&#xE19; -- &#xE28;&#xE34;&#xE25;&#xE1B;&#xE34;&#xE19;&#xE23;&#xE31;&#xE1A;&#xE40;&#xE0A;&#xE34;&#xE0D; : &#xE28;&#xE31;&#xE01;&#xE14;&#xE34;&#xE4C;&#xE27;&#xE38;&#xE12;&#xE34; &#xE27;&#xE34;&#xE40;&#xE28;&#xE29;&#xE21;&#xE13;&#xE35; -- &#xE08;&#xE32;&#xE01;&#xE17;&#xE38;&#xE01;&#xE02;&#xE4C;&#xE2A;&#xE39;&#xE48;&#xE18;&#xE23;&#xE23;&#xE21; / &#xE1E;&#xE23;&#xE30;&#xE44;&#xE1E;&#xE28;&#xE32;&#xE25; &#xE27;&#xE34;&#xE2A;&#xE32;&#xE42;&#xE25; -- &#xE40;&#xE23;&#xE37;&#xE48;&#xE2D;&#xE07;&#xE40;&#xE25;&#xE48;&#xE32;&#xE2A;&#xE15;&#xE23;&#xE35;&#xE43;&#xE19;&#xE1E;&#xE38;&#xE17;&#xE18;&#xE01;&#xE32;&#xE25; / &#xE42;&#xE14;&#xE22; &#xE2D;&#xE32;&#xE17;&#xE34;&#xE15;&#xE22;&#xE4C;&#xE22;&#xE32;&#xE21;&#xE40;&#xE0A;&#xE49;&#xE32; -- &#xE27;&#xE34;&#xE18;&#xE35;&#xE17;&#xE33;&#xE43;&#xE2B;&#xE49;&#xE21;&#xE23;&#xE23;&#xE04;&#xE40;&#xE01;&#xE34;&#xE14; / &#xE0A;&#xE34;&#xE19;&#xE2A;&#xE20;&#xE40;&#xE16;&#xE23;&#xE30; &#xE1E;&#xE18;.&#xE1A;. 35. </subfield>
  </datafield>
  <datafield tag="650" ind1=" " ind2=" ">
    <subfield code="a">&#xE2A;&#xE15;&#xE23;&#xE35;&#xE43;&#xE19;&#xE1E;&#xE38;&#xE17;&#xE18;&#xE28;&#xE32;&#xE2A;&#xE19;&#xE32;</subfield>
    <subfield code="9">34893</subfield>
  </datafield>
  <datafield tag="653" ind1=" " ind2="4">
    <subfield code="a">&#xE19;&#xE31;&#xE01;&#xE1A;&#xE27;&#xE0A;&#xE2A;&#xE15;&#xE23;&#xE35;&#xE43;&#xE19;&#xE1E;&#xE38;&#xE17;&#xE18;&#xE28;&#xE32;&#xE2A;&#xE19;&#xE32; -- &#xE20;&#xE32;&#xE1E;.</subfield>
  </datafield>
  <datafield tag="700" ind1="0" ind2=" ">
    <subfield code="a">&#xE1E;&#xE23;&#xE30;&#xE21;&#xE2B;&#xE32;&#xE19;&#xE34;&#xE27;&#xE31;&#xE15;&#xE23; &#xE01;&#xE31;&#xE25;&#xE22;&#xE32;&#xE13;&#xE27;&#xE31;&#xE11;&#xE12;&#xE42;&#xE19;</subfield>
    <subfield code="9">67280</subfield>
  </datafield>
  <datafield tag="942" ind1=" " ind2=" ">
    <subfield code="2">lcc</subfield>
    <subfield code="c">GB</subfield>
  </datafield>
  <datafield tag="996" ind1=" " ind2=" ">
    <subfield code="a">jidapa.t</subfield>
    <subfield code="b">ACQSTF</subfield>
    <subfield code="c">2026-01-12</subfield>
  </datafield>
  <datafield tag="996" ind1=" " ind2=" ">
    <subfield code="a">varee.k</subfield>
    <subfield code="b">LIBSTF</subfield>
    <subfield code="c">2026-01-13</subfield>
  </datafield>
  <datafield tag="996" ind1=" " ind2=" ">
    <subfield code="a">saiphon.d</subfield>
    <subfield code="b">CATSTF	</subfield>
    <subfield code="c">2026-01-15</subfield>
  </datafield>
  <datafield tag="999" ind1=" " ind2=" ">
    <subfield code="c">107655</subfield>
    <subfield code="d">107655</subfield>
  </datafield>
  <datafield tag="998" ind1=" " ind2=" ">
    <subfield code="j">104</subfield>
    <subfield code="k"> &#xE19;&#xE32;&#xE07;&#xE2A;&#xE32;&#xE27;&#xE2A;&#xE32;&#xE22;&#xE1D;&#xE19;  &#xE14;&#xE35;&#xE07;&#xE32;&#xE21;</subfield>
  </datafield>
  <datafield tag="952" ind1=" " ind2=" ">
    <subfield code="0">0</subfield>
    <subfield code="1">0</subfield>
    <subfield code="2">lcc</subfield>
    <subfield code="4">0</subfield>
    <subfield code="7">0</subfield>
    <subfield code="8">CGBL</subfield>
    <subfield code="a">NALT</subfield>
    <subfield code="b">NALT</subfield>
    <subfield code="c">GEN</subfield>
    <subfield code="d">2026-01-12</subfield>
    <subfield code="l">0</subfield>
    <subfield code="o">BQ 4570.W6 &#xE2A;167 2564</subfield>
    <subfield code="p">3961216047</subfield>
    <subfield code="r">2026-01-12 00:00:00</subfield>
    <subfield code="w">2026-01-12</subfield>
    <subfield code="y">GB</subfield>
  </datafield>
</record>
